| 000 | 00516nam a2200181Ia 4500 | ||
|---|---|---|---|
| 999 |
_c15033 _d15033 |
||
| 003 | OSt | ||
| 005 | 20221111154446.0 | ||
| 008 | 190216s9999||||xx |||||||||||||| ||und|| | ||
| 040 | _coclc | ||
| 082 |
_a425 _bAGG/S |
||
| 100 |
_aAggarwala, N K _96661 |
||
| 245 | 2 |
_aA Senior English Grammar And Composition / _cN K Aggarwala |
|
| 250 | _a1st Ed. | ||
| 260 |
_bGoyal Brothers Prakasan, _c2005. _aNew delhi: |
||
| 300 | _a375p | ||
| 650 | _aEnglish | ||
| 942 |
_cBK _2ddc _h425 _iAGG/S _k425 _mAGG/S |
||